000 00328nam a22001457a 4500
008 210429b ||||| |||| 00| 0 eng d
020 _a9781269341387
041 _aeng
080 _a37
082 _a37
100 _a46
101 _aEDU
245 _aReading Our Lives Writing Our True Stories
_cSalbi,A
942 _2udc
_cBK
999 _c57008
_d57008